| 000 | 01409nam0a2200313 4500 | ||
|---|---|---|---|
| 001 | RU\NLR\bibl\1834119 | ||
| 005 | 20250616165631.0 | ||
| 010 |
_a978-5-400-00362-2 _92050 |
||
| 021 |
_aRU _b2011-82993 _95914 |
||
| 035 | _a(NLR Aleph) 001824608 | ||
| 090 |
_a2053202 _c2053202 |
||
| 100 | _a20111115d2010 |||y0rusy50 ca | ||
| 101 | 0 | _arus | |
| 102 | _aRU | ||
| 105 | _aa ||||||||| | ||
| 200 | 1 |
_aЭконометрика _eучебное пособие _e[для студентов всех экономических специальностей] _fС.А. Бардасов _gРос. Федерация, М-во образования и науки, ГОУ ВПО Тюмен. гос. ун-т, Ин-т дистанц. образования |
|
| 205 | _a2-е изд., перераб. и доп. | ||
| 210 |
_aТюмень _cИзд-во Тюменского государственного университета _d2010 |
||
| 215 |
_a263 c. _cил. _d20 |
||
| 320 | _aБиблиогр.: с. 263 | ||
| 606 | 1 |
_aЭконометрика _jУчебные издания для высших учебных заведений _91532349 _3RU\NLR\auth\66667382 |
|
| 686 | _aУ.в611я73 | ||
| 700 | 1 |
_aБардасов _bС. А. _gСергей Александрович _4070 |
|
| 801 | 0 |
_aRU _bNLR _c20111115 _gRCR |
|
| 801 | 1 |
_aRU _bNLR _c20111115 |
|
| 942 | _cBOOK | ||
| 980 | _aNB | ||
| 980 | _aNBR | ||